| 000 | 01128ngm a22003970a 4500 | ||
|---|---|---|---|
| 001 | PT47323 | ||
| 003 | AR-LpoUNG | ||
| 005 | 20210202000012.0 | ||
| 007 | vd cvaizq | ||
| 008 | 191001s2008||||ag |||||||||||||||||eng d | ||
| 040 |
_aAR-LpoUNG _bspa _cAR-LpoUNG _eaacr |
||
| 041 |
_aeng _aspa |
||
| 044 | _aag | ||
| 082 | 0 | _a307.72 279v37 | |
| 100 | 1 |
_aHathaway, Henry _edir. |
|
| 245 | 1 | 3 | _aLa conquista del oeste |
| 260 |
_aSan Luis : _bAVH, _c2008. |
||
| 300 | _a2 DVD (165 min.) : son., col. | ||
| 505 | 0 | _aHecha en 1962. Disco 1: comentario por el director David Strohmaier, avance de cine. Disco 2: comentario por el director. Subtitulada en castellano | |
| 650 | 4 | _aCOMUNIDADES RURALES | |
| 650 | 4 | _aJUSTICIA | |
| 650 | 4 | _aORO | |
| 650 | 4 | _aPELICULAS | |
| 650 | 4 | _aRELACIONES PERSONALES | |
| 651 | 4 | _aDOCUMENTOS TEORICOS O METODOLOGICOS | |
| 653 | _aACCION | ||
| 653 | _aCINE ESTADOUNIDENSE | ||
| 653 | _aDVD | ||
| 653 | _aVIDEOS | ||
| 653 | _aWESTERN | ||
| 700 | 1 |
_aFord, John _edir. |
|
| 700 | 1 |
_aMarshall, George _edir. |
|
| 700 | 1 |
_aThorpe, Richard _edir. |
|
| 905 | _a47323 | ||
| 942 | _cDVD | ||
| 999 |
_c53946 _d53946 |
||